| 000 | 00864cam a22002775a 4500 | ||
|---|---|---|---|
| 001 | 014592709 | ||
| 003 | OSt | ||
| 005 | 20201128023838.0 | ||
| 008 | 090803t2009 njua frd 001 0 eng d | ||
| 020 | _a9780137142293 | ||
| 020 | _a0137142293 | ||
| 040 |
_aStDuBDS _beng _cStDuBDS _dEG-ScBUE |
||
| 082 | 0 | 4 |
_a004.6 _222 _bDUM |
| 100 | 1 |
_aDumas, M. Barry. _941301 |
|
| 245 | 1 | 0 |
_aPrinciples of computer networks and communications / _cM. Barry Dumas, Morris Schwartz. |
| 250 | _aPearson international ed. | ||
| 260 |
_aUpper Saddle River : _bPearson / Prentice Hall, _cc.2009. |
||
| 300 |
_axxviii, 519 p. : _bill. ; _c26 cm. |
||
| 500 | _aIndex : p. 505-519. | ||
| 500 | _aGlossary : p. 475-503. | ||
| 650 | 7 |
_aComputer networks. _2BUEsh _91660 |
|
| 651 | _2BUEsh | ||
| 653 |
_bENGELC _cOctober2016 |
||
| 700 | 1 |
_aSchwartz, Morris _q(L. Morris) |
|
| 942 | _2ddc | ||
| 999 |
_c22441 _d22413 |
||